000 00705nam a2200229Ia 4500
003 OSt
005 20220926010608.0
006 a|||||r|||| 00| 0
007 ta
008 220923b |||||||| |||| 00| 0 eng d
037 _cGeneral Book
040 _aRTL
_cRTL
_beng
041 _2eng
_aeng
082 _aX.7914.N7, L6
100 _aMamalakis Markos J
_9312600
245 0 _aGrowth and structure of the Chilean economy
_b From independence to allende
260 _aNew Haven
_bYale University Press
_c1976
300 _axx,390p.
_ccm.
650 _aEconomic Conditions Latin America
942 _hX.7914.N7, L6
_cGB
_2CC
999 _c617707
_d617707